[Event "IND-ch U25 26th"]
[Site "Port Blair"]
[Date "2017.07.13"]
[Round "1"]
[White "Gajwa, Ankit"]
[Black "Anubhav, Patel"]
[Result "1-0"]
[WhiteElo "2281"]
[BlackElo "1377"]
[PlyCount "57"]
[EventDate "2017.07.13"]
[EventType "swiss"]
[EventRounds "9"]
[EventCountry "IND"]
[SourceTitle "EXT 2018"]
[Source "ChessBase"]
[SourceDate "2017.10.13"]
[SourceVersion "1"]
[SourceVersionDate "2017.10.13"]
[SourceQuality "1"]

1. e4 c5 2. Nf3 e6 3. g3 Nc6 4. Bg2 d5 5. exd5 exd5 6. d4 Nf6 7. 0-0 Bd7 8. dxc5 Bxc5 9. Nbd2 0-0 10. Nb3 Bb6 11. h3 h6 12. Re1 Ne4 13. Be3 Be6 14. c3 Qd7 15. h4 Rfd8 16. Bxb6 axb6 17. Nfd4 f5 18. f3 Re8 19. fxe4 fxe4 20. Nxe6 Qxe6 21. Nd4 Qe5 22. Re3 Rad8 23. Qa4 Rd6 24. Rd1 Rg6 25. Ne2 Rf8 26. Qb3 Qf5 27. Qxd5+ Qxd5 28. Rxd5 Rgf6 29. Rxe4 1-0